书目信息 |
| 题名: |
钛的熔盐电解精炼
|
|
| 作者: | 哥宾克 著 ;高玉璞 译 | |
| 分册: | ||
| 出版信息: | 北京 冶金工业出版社 1981.11 |
|
| 页数: | 106页 | |
| 开本: | 20cm | |
| 丛书名: | ||
| 单 册: | ||
| 中图分类: | TF823 | |
| 科图分类: | ||
| 主题词: | 轻有色金属--有色金属冶金 | |
| 电子资源: | ||
| ISBN: | ||
| 000 | 00617nam0 2200193 45 | |
| 001 | 0312221749 | |
| 005 | 20060418083505.01 | |
| 010 | @dCNY0.38 | |
| 100 | @a20031222d1981 km y0chiy0120 ea | |
| 101 | @achi | |
| 200 | 1 | @a钛的熔盐电解精炼@ATai De Rong Yan Dian Jie Jing Lian@f(苏)В·Г·哥宾克等著@F(su)В·Г·ge bin ke deng zhu@g高玉璞等译@Ggao yu pu deng yi |
| 210 | @a北京@c冶金工业出版社@d1981.11 | |
| 215 | @a106页@d20cm | |
| 606 | 0 | @a轻有色金属@x有色金属冶金 |
| 690 | @aTF823@v3 | |
| 701 | 0 | @a哥宾克@Age bin ke@4著 |
| 702 | 0 | @a高玉璞@Agao yu pu@4译 |
| 801 | @aCN@bTSTCL@c20060418 | |
| 905 | @a213230@dTF823@e1 | |
| 钛的熔盐电解精炼/(苏)В·Г·哥宾克等著/高玉璞等译.-北京:冶金工业出版社,1981.11 |
| 106页;20cm |
| ISBN :CNY0.38 |
| ● |
| 相关链接 |
|
|
|
|
正题名:钛的熔盐电解精炼
索取号:TF823/1
 
预约/预借
| 序号 | 登录号 | 条形码 | 馆藏地/架位号 | 状态 | 备注 |
| 1 | 0063990 | 202242803 | 第二样本阅览室/ [索取号:TF823/1] | 在馆 |